000 00383nam a2200145Ia 4500
008 230917s9999||||xx |||||||||||||| ||und||
040 _e21608
_aMAIN
041 _aEnglish
082 _a515.35 A37L
100 _aAziz, A K, ed.
245 0 _aLecture series in differential equations. V1
260 _aNew York
_bDVan Nostrand Reinhold
_c1969
300 _avi, 119 p.
942 _cBK
999 _c131156
_d131156